| 000 | 015360000a22002290004500 | ||
|---|---|---|---|
| 020 | _a958-9149-00-6 | ||
| 041 | 0 | _aEspañol | |
| 082 | 0 | 4 | _aG 284.268 C5529a |
| 100 | 1 | _aChoy, Leona | |
| 245 | 1 | 0 | _aAndrew Murray Apóstol del amor duradero / Leona Choy |
| 260 | _aColombia: Centros de Literatura cristiana | ||
| 300 | _a246 páginas | ||
| 501 | _arústico | ||
| 505 | 0 | 0 | _aNavegando hacia nuevos horizontes -- Raíces profundas para árboles Fuertes -- Se extienden ramas vigorosas -- El club del chocolate y largas pipas Gouda -- Bajo el Ala de la Madre Iglesia -- Perros salvajes y hombres aún más salvajes -- Vacaciones en la jornada espiritual -- Luna de miel en un carromato -- Un nuevo concepto es una esposa -- Por fin un despertar espiritual -- Fruto que permanece -- Pastorado urbano y pleitos en los tribunales -- Wellington, un pastorado en un potrero -- Encarga personas fieles -- Un tigre en América -- Los vientos del avivamiento espiritual -- Perfeccionando en la debilidad -- Después de la sanidad -- Testimonio personal -- Profundizando misterios divinos -- Misionero estadista -- Poder para alcanzar -- Una pluma ungida -- Años de madurez, trepando más alto -- El toque familiar -- No en el ocaso sino un ascenso -- Apéndice -- Bibliografía y reconocimiento |
| 600 | 1 | 4 | _aMurray, Andrew (1828-1917) |
| 650 | 1 | 4 | _aBIOGRAFIAS \ MISIONEROS \ CALVINISMO |
| 001 | 18423 | ||
| 942 | _cBK | ||
| 999 |
_c44859 _d44859 |
||
| 336 |
_atexto _btxt _2rdacontent |
||
| 337 |
_2rdamedia _asin mediación _bn |
||
| 338 |
_2rdacarrier _avolumen _bnc |
||